Nekalosoutěžní reklama a nekalé obchodní praktiky v české i evropské právní úpravě a judikatuře /

Hlavní autor: Ondrejová, Dana, 1980-
Další autoři: Sehnálek, David, 1979-
Jazyk: Čeština
Vydáno: Praha : Leges, 2018
Vydání: Vydání první
Edice: Praktik (Leges)
Témata:
Fyzický popis: 295 stran ; 21 cm
Language note: České a anglické resumé
Knihy
Uloženo v:
LEADER 02807nam a2200709 i 4500
001 nkc20182986106
003 CZ PrNK
005 20180612125027.0
007 ta
008 180322s2018 xr f 000 0 cze
015 |a cnb002986106 
020 |a 978-80-7502-239-4  |q (brožováno) 
035 |a (OCoLC)1043898064 
040 |a ABA001  |b cze  |d OLA001  |e rda 
041 0 |a cze  |b cze  |b eng 
043 |a e-xr---  |a e------ 
072 7 |a 347  |x Soukromé právo  |2 Konspekt  |9 16 
080 |a 346.545  |2 MRF 
080 |a 347.132.14:339.192  |2 MRF 
080 |a 341.171(4)  |2 MRF 
080 |a 340.137  |2 MRF 
080 |a 347.951  |2 MRF 
080 |a (437.3)  |2 MRF 
080 |a (4)  |2 MRF 
080 |a (048.8)  |2 MRF 
100 1 |a Ondrejová, Dana,  |d 1980-  |7 xx0067680  |4 aut 
245 1 0 |a Nekalosoutěžní reklama a nekalé obchodní praktiky v české i evropské právní úpravě a judikatuře /  |c Dana Ondrejová, David Sehnálek 
250 |a Vydání první 
264 1 |a Praha :  |b Leges,  |c 2018 
300 |a 295 stran ;  |c 21 cm 
336 |a text  |b txt  |2 rdacontent 
337 |a bez média  |b n  |2 rdamedia 
338 |a svazek  |b nc  |2 rdacarrier 
490 1 |a Praktik 
504 |a Obsahuje bibliografii a bibliografické odkazy 
546 |a České a anglické resumé 
650 0 7 |a nekalá soutěž  |7 ph137492  |z Česko  |2 czenas 
650 0 7 |a nekalá soutěž  |7 ph137492  |z země Evropské unie  |2 czenas 
650 0 7 |a nekalé obchodní praktiky  |7 ph930443  |z Česko  |2 czenas 
650 0 7 |a nekalé obchodní praktiky  |7 ph930443  |z země Evropské unie  |2 czenas 
650 0 7 |a evropské právo  |7 ph121776  |2 czenas 
650 0 7 |a harmonizace práva  |7 ph228418  |z Česko  |2 czenas 
650 0 7 |a soudní rozhodnutí a stanoviska  |7 ph125859  |z Česko  |2 czenas 
650 0 7 |a soudní rozhodnutí a stanoviska  |7 ph125859  |z země Evropské unie  |2 czenas 
650 0 9 |a unfair competition  |z Czechia  |2 eczenas 
650 0 9 |a unfair competition  |z European Union countries  |2 eczenas 
650 0 9 |a unfair commercial practices  |z Czechia  |2 eczenas 
650 0 9 |a unfair commercial practices  |z European Union countries  |2 eczenas 
650 0 9 |a European law  |2 eczenas 
650 0 9 |a harmonization of laws  |z Czechia  |2 eczenas 
650 0 9 |a judgments  |z Czechia  |2 eczenas 
650 0 9 |a judgments  |z European Union countries  |2 eczenas 
655 7 |a kolektivní monografie  |7 fd501537  |2 czenas 
655 9 |a collective monographs  |2 eczenas 
700 1 |a Sehnálek, David,  |d 1979-  |7 mzk2007411425  |4 aut 
830 0 |a Praktik (Leges)  |0 s 
910 2 |a BOA001  |b 2-1407.479 
990 |a BK 
995 |a 01 
991 |b 201805  |c NOV 
996 6 |b 2610744795  |c 2-1407.479  |l MZK  |r Sklad / do 1 hodiny  |n 17  |p p.v.  |w 001666340  |u 000010  |a 1  |e BOA001  |j MZK50  |s P 
996 7 |b 2610745956  |c 2-1407.479  |l Vol.výběr  |r VV 0p  |n 28  |p kup  |h 347 OND  |w 001666340  |u 000020  |a 0  |e BOA001  |j MZK50  |s A